| 000 | 004230000a22001810004500 | ||
|---|---|---|---|
| 003 | MACL | ||
| 005 | 20151003102456.0 | ||
| 008 | 151003b xxu||||| |||| 00| 0 eng d | ||
| 040 |
_aMACL _cMACL |
||
| 041 | _aEnglish | ||
| 082 | _a900.54/RAO | ||
| 100 |
_aRao Raja _98268 |
||
| 245 | _aThe Meaning Of India | ||
| 260 |
_bVision Books _c1996 _aDelhi |
||
| 350 | _a280 | ||
| 650 |
_aHistory _913266 |
||
| 942 |
_cBK _k900.54 _2ddc |
||
| 999 |
_c1898 _d1898 |
||